Loading...
Fine Arts - Classical Music and Opera | 1 | 7 | 1 | 2 | 80 | 20 | 105.13 | 2 | 5 |
Literature - American Literature | 2 | 4 | 0 | 0 | 70 | 35 | 87.33 | 2 | 4 |
Literature - British Literature | 1 | 5 | 0 | 1 | 65 | 75 | 127.33 | 2 | 3 |
Literature - European Literature | 1 | 3 | 0 | 1 | 45 | 72 | 128.00 | 1 | 2 |
Philosophy | 0 | 4 | 1 | 0 | 35 | 84 | 94.50 | 1 | 4 |
Fine Arts - Other Fine Arts | 3 | 0 | 4 | 0 | 25 | 54 | 67.67 | 0 | 3 |
Fine Arts - Visual Fine Arts | 1 | 1 | 1 | 0 | 20 | 80 | 94.00 | 0 | 0 |
Literature - World Literature | 1 | 0 | 0 | 0 | 15 | 54 | 54.00 | 0 | 1 |
Social Science | 0 | 1 | 0 | 0 | 10 | 96 | 96.00 | 1 | 1 |
Other Academic | 0 | 0 | 1 | 0 | -5 | 0.00 | 0 | 0 |